<?xml version="1.0" encoding="UTF-8"?>
<record
    xmlns:xsi="http://www.w3.org/2001/XMLSchema-instance"
    xsi:schemaLocation="http://www.loc.gov/MARC21/slim http://www.loc.gov/standards/marcxml/schema/MARC21slim.xsd"
    xmlns="http://www.loc.gov/MARC21/slim">

  <leader>01166nam a2200217 i 4500</leader>
  <controlfield tag="001">96774</controlfield>
  <controlfield tag="003">ES-MaACL</controlfield>
  <controlfield tag="005">20250818043013.0</controlfield>
  <controlfield tag="007">t|</controlfield>
  <controlfield tag="008">050630s1915    mx           ||||1| spa d</controlfield>
  <datafield tag="100" ind1="1" ind2=" ">
    <subfield code="a">Manero, Antonio.</subfield>
    <subfield code="9">75983</subfield>
  </datafield>
  <datafield tag="245" ind1="1" ind2="0">
    <subfield code="a">Qu&#xE9; es la revoluci&#xF3;n </subfield>
    <subfield code="b">: breve exposici&#xF3;n sobre las principales causas de la Revoluci&#xF3;n Constitucionalista en M&#xE9;xico / </subfield>
    <subfield code="c">Antonio Manero.</subfield>
  </datafield>
  <datafield tag="260" ind1=" " ind2=" ">
    <subfield code="a">Veracruz : </subfield>
    <subfield code="b">La Heroica, </subfield>
    <subfield code="c">1915.</subfield>
  </datafield>
  <datafield tag="300" ind1=" " ind2=" ">
    <subfield code="a">120, LXXVI p. ; </subfield>
    <subfield code="c">22 cm.</subfield>
  </datafield>
  <datafield tag="505" ind1="8" ind2=" ">
    <subfield code="a">Contiene: El proceso de la revoluci&#xF3;n--La propiedad.--La administraci&#xF3;n de justicia.--El bancarismo.--La legislaci&#xF3;n--La educaci&#xF3;n p&#xFA;blica.--Apendice: Preliminares. Plan de Guadalupe. Decreto de 12 de diciembre de 1914 [signed] Venustiano Carranza. Manifiesto a la nacion, junio 11 de 1915 [signed] Venustiano Carranza. Los indiscutibles derechos de d. Venustiano Carranza. Comentarios al Manifiesto de don Venustiano Carranza. La revoluci&#xF3;n es la justicia.</subfield>
  </datafield>
  <datafield tag="600" ind1="1" ind2="4">
    <subfield code="a">Carranza, Venustiano,</subfield>
    <subfield code="d">1859-1920</subfield>
    <subfield code="9">35508</subfield>
  </datafield>
  <datafield tag="651" ind1=" " ind2="4">
    <subfield code="a">M&#xE9;xico-</subfield>
    <subfield code="x">Historia-</subfield>
    <subfield code="z">1910-1946.</subfield>
    <subfield code="9">9066</subfield>
  </datafield>
  <datafield tag="852" ind1=" " ind2=" ">
    <subfield code="a">ES-MaACL</subfield>
    <subfield code="j">G-2641</subfield>
  </datafield>
  <datafield tag="852" ind1=" " ind2=" ">
    <subfield code="a">ES-MaACL</subfield>
    <subfield code="j">F-1506</subfield>
  </datafield>
  <datafield tag="999" ind1=" " ind2=" ">
    <subfield code="c">96774</subfield>
    <subfield code="d">96774</subfield>
  </datafield>
  <datafield tag="952" ind1=" " ind2=" ">
    <subfield code="0">0</subfield>
    <subfield code="1">0</subfield>
    <subfield code="4">0</subfield>
    <subfield code="7">0</subfield>
    <subfield code="a">ATENEOM</subfield>
    <subfield code="b">ATENEOM</subfield>
    <subfield code="c">DEPO2</subfield>
    <subfield code="d">2008-01-17</subfield>
    <subfield code="e">SC</subfield>
    <subfield code="l">0</subfield>
    <subfield code="o">F-1506</subfield>
    <subfield code="p">1101033</subfield>
    <subfield code="r">2023-02-23 00:00:00</subfield>
    <subfield code="w">2023-02-23</subfield>
    <subfield code="y">MONOGRAFIA</subfield>
  </datafield>
  <datafield tag="952" ind1=" " ind2=" ">
    <subfield code="0">0</subfield>
    <subfield code="1">0</subfield>
    <subfield code="4">0</subfield>
    <subfield code="7">0</subfield>
    <subfield code="a">ATENEOM</subfield>
    <subfield code="b">ATENEOM</subfield>
    <subfield code="c">DEPO2</subfield>
    <subfield code="d">2008-01-17</subfield>
    <subfield code="e">SC</subfield>
    <subfield code="l">0</subfield>
    <subfield code="o">G-2641</subfield>
    <subfield code="p">1101032</subfield>
    <subfield code="r">2023-02-23 00:00:00</subfield>
    <subfield code="w">2023-02-23</subfield>
    <subfield code="y">MONOGRAFIA</subfield>
  </datafield>
</record>
